000 00565nam a2200229Ia 4500
003 OSt
005 20221005115626.0
006 a|||||r|||| 00| 0
007 ta
008 221004b |||||||| |||| 00| 0 mal d
024 _a57459
037 _cTextual
040 _aCRL
_cCRL
_bmal
041 _2mal
_amal
082 _aO32,3NMP,15, K2
100 _aMoido
_9627876
245 0 _aChorakkannuckal
260 _c1962
650 _aMALAYALAM LITERATURE
_938866
942 _hO32,3NMP,15, K2
_cTEXL
_2cc
999 _c1035428
_d1035428